| 000 | 00521nam a22001697a 4500 | ||
|---|---|---|---|
| 003 | BD-DhUL | ||
| 005 | 20171217141233.0 | ||
| 008 | 171217s1965 pk ||||| |||| 00| 0 urd d | ||
| 040 |
_aBD-DhUL _cBD-DhUL |
||
| 082 |
_a920 _bASM |
||
| 100 | 0 | _aاسلم فرخی | |
| 245 | 0 |
_aمحمد حسین آزاد : حیات وتصاینف : _cاسلم فرخی _bجزء ۱ / |
|
| 260 |
_aکراچی : _bانجمن ترقی اردو، _c۱۹۶۵۔ |
||
| 300 |
_aجزء ۱ ؛ _c۲۲ سم۔ |
||
| 650 | 0 | _aBiography | |
| 942 |
_2ddc _cBK |
||
| 999 |
_c233204 _d233204 |
||